The genius of India / (Record no. 63708)

MARC details
000 -LEADER
fixed length control field 00676nam a22002177a 4500
005 - DATE AND TIME OF LATEST TRANSACTION
control field 20120303120744.0
008 - FIXED-LENGTH DATA ELEMENTS--GENERAL INFORMATION
fixed length control field 120303t xxu||||| |||| 00| 0 eng d
020 ## - INTERNATIONAL STANDARD BOOK NUMBER
International Standard Book Number 0333936000
Terms of availability 00.00
035 ## - SYSTEM CONTROL NUMBER
System control number B-28096
040 ## - CATALOGING SOURCE
Original cataloging agency DPL
Language of cataloging ENG
082 ## - DEWEY DECIMAL CLASSIFICATION NUMBER
Classification number 080
100 ## - MAIN ENTRY--PERSONAL NAME
Personal name Sorman, Guy
9 (RLIN) 43365
245 ## - TITLE STATEMENT
Title The genius of India /
Statement of responsibility, etc by Guy Sorman
260 ## - PUBLICATION, DISTRIBUTION, ETC. (IMPRINT)
Place of publication, distribution, etc New Delhi
Name of publisher, distributor, etc Macmillan
Date of publication, distribution, etc 2001
270 ## - ADDRESS
City New Delhi
Postal code 110003
300 ## - PHYSICAL DESCRIPTION
Extent xvi, 232p.
Dimensions 20 cms.
500 ## - GENERAL NOTE
General note Includes bibliographical references
651 ## - SUBJECT ADDED ENTRY--GEOGRAPHIC NAME
Geographic name India.
942 ## - ADDED ENTRY ELEMENTS (KOHA)
Source of classification or shelving scheme Dewey Decimal Classification
Item type English Books
Call number suffix SOR
Classification part 080
Holdings
Withdrawn status Lost status Source of classification or shelving scheme Damaged status Not for loan Collection code Home library Current library Shelving location Date acquired Cost, normal purchase price Total Checkouts Full call number Barcode Date last seen Cost, replacement price Koha item type
    Dewey Decimal Classification     Non-fiction Sarojini Nagar Sarojini Nagar General Stacks 03/03/2012 0.00   080 SOR B-28096 03/03/2012 0.00 English Books

© Delhi Public Library
Hit Counter
free hit counter